Normal view MARC view

Entry Personal Name

Number of records used in: 1

001 - CONTROL NUMBER

  • control field: 20821

003 - CONTROL NUMBER IDENTIFIER

  • control field: OSt

005 - DATE AND TIME OF LATEST TRANSACTION

  • control field: 20210125111142.0

008 - FIXED-LENGTH DATA ELEMENTS

  • fixed length control field: 210125|| aca||aabn | a|a d

040 ## - CATALOGING SOURCE

  • Original cataloging agency: OSt
  • Transcribing agency: OSt

100 ## - HEADING--PERSONAL NAME

  • Personal name: Nordin, Jonas, Laursen and John Christian

670 ## - SOURCE DATA FOUND

  • Source citation: Work cat.: (OSt)514454: Nordin, Jonas, Laursen and John Christian, Northern declarations of freedom of the press: The relative importance of philosophical ideas and of local politics

Powered by Koha